| 000 | 02313namaa2200433uu 4500 | ||
|---|---|---|---|
| 001 | doab33095 | ||
| 003 | oapen | ||
| 005 | 20260305123945.0 | ||
| 006 | m o d | ||
| 007 | cr|mn|---annan | ||
| 008 | 210210s2018 xx |||||o ||| 0|eng d | ||
| 020 | _a9781315295770 | ||
| 040 |
_aoapen _coapen |
||
| 041 | 0 | _aeng | |
| 042 | _adc | ||
| 072 | 7 |
_aJH _2bicssc |
|
| 720 | 1 |
_aMatras, Yaron _4edt |
|
| 245 | 0 | 0 |
_aOpen Borders, Unlocked Cultures _bRomanian Roma Migrants in Western Europe |
| 260 |
_bTaylor & Francis _c2018 |
||
| 300 | _a1 online resource (192 p.) | ||
| 336 |
_atext _btxt _2rdacontent |
||
| 337 |
_acomputer _bc _2rdamedia |
||
| 338 |
_aonline resource _bcr _2rdacarrier |
||
| 506 | 0 |
_aFree-to-read _fUnrestricted online access _2star |
|
| 520 | _aThe book examines some of the dilemmas surrounding Europe's open borders, migrations, and identities through the prism of the Roma - Europe's most dispersed and socially marginalised population. The volume challenges some of the myths surrounding the Roma as a 'problem population', and places the focus instead on the context of European policy and identity debates. It comes to the conclusion that the migration of Roma and the constitution of their communities is shaped by European policy as much as, and often more so, than by the cultural traits of the Roma themselves. The chapters compare case studies of Roma migrants in Spain, Italy, France, and Britain and the impact of migration on the origin communities in Romania. The study combines historical and ethnographic methods with insights from migration studies, drawing on a unique multi-site collaborative project that for the first time gave Roma participants a voice in shaping research into their communities. | ||
| 540 |
_aAll rights reserved _uhttp://oapen.org/content/about-rights |
||
| 546 | _aEnglish | ||
| 650 | 7 |
_aSociology and anthropology _2bicssc |
|
| 653 | _aMigration | ||
| 653 | _aOpen borders | ||
| 653 | _aRoma | ||
| 653 | _aRomanian Roma | ||
| 653 | _aWestern Europe | ||
| 720 | 1 |
_aLeggio, Daniele Viktor _4edt |
|
| 720 | 1 |
_aLeggio, Daniele Viktor _4oth |
|
| 720 | 1 |
_aMatras, Yaron _4oth |
|
| 793 | 0 | _aDOAB Library. | |
| 856 | 4 | 0 |
_uhttps://directory.doabooks.org/handle/20.500.12854/33095 _70 _zFree-to-read: DOAB: description of the publication |
| 999 |
_c92680 _d92680 |
||